[Event "POL-ch Universities"]
[Site "Bydgoszcz"]
[Date "2023.03.11"]
[Round "9"]
[White "Szelag, Marcin"]
[Black "Mis, Mieszko"]
[Result "0-1"]
[WhiteElo "2398"]
[BlackElo "2379"]
[PlyCount "126"]
[EventDate "2023.03.10"]
[EventType "swiss"]
[EventRounds "9"]
[EventCountry "POL"]
[SourceTitle "CBM 213 Extra"]
[Source "ChessBase"]
[SourceDate "2023.05.31"]
[SourceVersion "1"]
[SourceVersionDate "2023.05.31"]
[SourceQuality "1"]

1. e4 c6 2. d4 d5 3. Nc3 dxe4 4. Nxe4 Nf6 5. Nxf6+ exf6 6. Be3 Bd6 7. Bd3 Bf5 8. Ne2 0-0 9. 0-0 Qd7 10. Re1 Na6 11. a3 Nc7 12. c4 b5 13. b3 Rab8 14. Ng3 Bxd3 15. Qxd3 Rfe8 16. a4 bxc4 17. bxc4 a5 18. Bd2 Bb4 19. Rxe8+ Qxe8 20. Bf4 Qd7 21. Bxc7 Qxc7 22. c5 Re8 23. Ne4 Qf4 24. Nd6 Re6 25. g3 Qg4 26. Kg2 h5 27. h3 Qg5 28. Qf3 h4 29. g4 Qd2 30. Rd1 Qc2 31. Nf5 Re2 32. Ne3 Rxe3 33. Qxe3 Qxd1 34. Qe8+ Kh7 35. Qxf7 Qe2 36. Qh5+ Kg8 37. Qf5 Qe8 38. Kf3 Kf8 39. Qh7 Qd7 40. Qh8+ Kf7 41. Qh5+ Kg8 42. Ke4 Qe6+ 43. Kd3 Qb3+ 44. Ke4 Qc2+ 45. Kf3 Qd3+ 46. Kg2 Qe4+ 47. Kg1 Bc3 48. d5 Bd4 49. Qxh4 Qxd5 50. Qg3 Bxc5 51. Qb8+ Bf8 52. Qc8 c5 53. h4 c4 54. h5 Qc5 55. Qe6+ Kh7 56. Qe4+ Kh8 57. Qg6 c3 58. h6 c2 59. hxg7+ Bxg7 60. Qe8+ Kh7 61. Qe4+ f5 62. gxf5 c1Q+ 63. Kg2 Qg5+ 0-1

[Event "POL-ch Universities"]
[Site "Bydgoszcz"]
[Date "2023.03.11"]
[Round "8"]
[White "Szelag, Marcin"]
[Black "Tustanowski, Mateusz"]
[Result "1-0"]
[WhiteElo "2398"]
[BlackElo "2065"]
[PlyCount "130"]
[EventDate "2023.03.10"]
[EventType "swiss"]
[EventRounds "9"]
[EventCountry "POL"]
[SourceTitle "CBM 213 Extra"]
[Source "ChessBase"]
[SourceDate "2023.05.31"]
[SourceVersion "1"]
[SourceVersionDate "2023.05.31"]
[SourceQuality "1"]

1. e4 e5 2. Nf3 Nc6 3. Bb5 Bc5 4. c3 Nf6 5. d4 exd4 6. e5 Ne4 7. 0-0 dxc3 8. Qd5 Bxf2+ 9. Kh1 Be3 10. Bxe3 cxb2 11. Na3 bxa1Q 12. Rxa1 Nc3 13. Qc5 Nxb5 14. Nxb5 h6 15. Nfd4 a6 16. Nf5 d6 17. exd6 Bxf5 18. Nxc7+ Kf8 19. Qxf5 Kg8 20. Rf1 Qxd6 21. Nxa8 Ne5 22. Bf4 Qd3 23. Bxe5 Qxf5 24. Rxf5 f6 25. Bc7 Kf7 26. Nb6 Re8 27. Kg1 Re2 28. a4 Rc2 29. Bb8 Ke6 30. Rf3 Rb2 31. a5 Rb5 32. Rc3 Rxa5 33. Rc7 Ra1+ 34. Kf2 a5 35. Rxg7 a4 36. Rxb7 Rb1 37. Bc7 a3 38. Ra7 Rb2+ 39. Kf3 a2 40. h4 Kf5 41. g4+ Kg6 42. Ra5 Rb3+ 43. Kg2 Rb2+ 44. Kg3 Rb3+ 45. Kf4 Rb4+ 46. Kf3 Rb3+ 47. Kf2 Rb2+ 48. Ke3 Rb3+ 49. Kd4 Rb4+ 50. Nc4 Rb7 51. Bd6 h5 52. gxh5+ Kh6 53. Bf4+ Kg7 54. Rxa2 Rd7+ 55. Nd6 f5 56. Rg2+ Kh7 57. Rg6 Kh8 58. Ke5 Kh7 59. Nxf5 Ra7 60. Kf6 Ra6+ 61. Kg5 Ra7 62. h6 Ra1 63. Rg7+ Kh8 64. Rb7 Ra8 65. Be5+ Kg8 1-0

[Event "BL2-Nord 2122"]
[Site "Germany"]
[Date "2022.07.03"]
[Round "10.1"]
[White "Degtiarev, Evgeny"]
[Black "Szelag, Marcin"]
[Result "0-1"]
[WhiteElo "2380"]
[BlackElo "2419"]
[PlyCount "154"]
[EventDate "2022.03.05"]
[EventType "team-tourn"]
[EventRounds "10"]
[EventCountry "GER"]
[SourceTitle "EXT 2023"]
[Source "ChessBase"]
[SourceDate "2022.10.05"]
[SourceVersion "1"]
[SourceVersionDate "2022.10.05"]
[SourceQuality "1"]
[WhiteTeam "Magdeburg"]
[BlackTeam "Berlin Rotation"]
[WhiteTeamCountry "GER"]
[BlackTeamCountry "GER"]

1. d4 Nf6 2. c4 g6 3. Nc3 Bg7 4. e4 d6 5. h3 0-0 6. Be3 c5 7. d5 e6 8. Nf3 exd5 9. exd5 a6 10. Bd3 b5 11. cxb5 axb5 12. Bxb5 Ne4 13. Nxe4 Qa5+ 14. Nfd2 Qxb5 15. Nxd6 Qxb2 16. Rb1 Qxa2 17. Qb3 Qxb3 18. Nxb3 Bc3+ 19. Ke2 Ba6+ 20. Kf3 Be5 21. Bxc5 Rd8 22. Ne4 f5 23. Ned2 Rxd5 24. Be3 Nd7 25. g3 Bb7 26. Ke2 Ra2 27. Rhc1 Kf7 28. Kf1 Ba6+ 29. Nc4 Ra4 30. Nbd2 Rxd2 31. Bxd2 Bxc4+ 32. Kg1 Bd5 33. Rb5 Be4 34. Ra5 Rxa5 35. Bxa5 g5 36. Bd2 h6 37. Be3 f4 38. gxf4 gxf4 39. Ba7 Ke6 40. Rc8 Kf5 41. Rd8 Bc6 42. Rc8 Bd5 43. Rd8 Be6 44. Re8 Nf6 45. Re7 Ne4 46. Rh7 Ng5 47. Rxh6 Bg7 48. Rh5 Kg6 49. Rxg5+ Kxg5 50. Kh2 Bd5 51. Bb8 Kf5 52. Bc7 Be5 53. Bb6 Bf6 54. Bc7 Bh4 55. Kg1 Bg5 56. Kh2 Ke4 57. Kg2 Kd3+ 58. Kf1 Kd2 59. h4 Bh6 60. Bd8 Bc4+ 61. Kg2 Ke2 62. Be7 Bd5+ 63. Kg1 Kf3 64. Bc5 Bg7 65. Bb6 Bf7 66. Bc5 Bf6 67. Bb6 Bxh4 68. Kf1 Bf6 69. Bc5 Bc4+ 70. Kg1 Be2 71. Bb6 Ke4 72. Kg2 Bd4 73. Bc7 Bf3+ 74. Kg1 Kf5 75. Bd6 Kg4 76. Kf1 Bd5 77. Ke2 Bc4+ 0-1

[Event "BL2-Nord 2122"]
[Site "Germany"]
[Date "2022.03.06"]
[Round "2.1"]
[White "Szelag, Marcin"]
[Black "Jakubowski, Krzysztof"]
[Result "1/2-1/2"]
[WhiteElo "2419"]
[BlackElo "2475"]
[PlyCount "129"]
[EventDate "2022.03.05"]
[EventType "team-tourn"]
[EventRounds "10"]
[EventCountry "GER"]
[SourceTitle "EXT 2023"]
[Source "ChessBase"]
[SourceDate "2022.10.05"]
[SourceVersion "1"]
[SourceVersionDate "2022.10.05"]
[SourceQuality "1"]
[WhiteTeam "Berlin Rotation"]
[BlackTeam "Berlin SF II"]
[WhiteTeamCountry "GER"]
[BlackTeamCountry "GER"]

1. e4 c6 2. d4 d5 3. Nc3 dxe4 4. Nxe4 Nf6 5. Nxf6+ exf6 6. Be3 Nd7 7. Bd3 Nb6 8. c4 Bb4+ 9. Kf1 0-0 10. Ne2 Re8 11. Qc2 f5 12. Rd1 Bf8 13. g3 g6 14. Kg2 Nd7 15. Rhe1 b6 16. Nf4 Nf6 17. f3 a6 18. Bf2 Bh6 19. Rxe8+ Qxe8 20. Ne2 b5 21. b3 Bd7 22. Nc3 Qf8 23. Bf1 Re8 24. d5 cxd5 25. Nxd5 Nxd5 26. cxd5 Rc8 27. Qd3 Qa3 28. Qe2 Re8 29. Qc2 Rc8 30. Qe2 Re8 31. Qc2 Rc8 32. Qb1 Bg7 33. Rd2 Qc1 34. Qxc1 Rxc1 35. a3 Rc3 36. Rd3 Rc2 37. f4 a5 38. Kf3 Bf8 39. Bb6 Bxa3 40. Bxa5 Bc5 41. Rd2 Rxd2 42. Bxd2 Kf8 43. b4 Bd6 44. Ke3 Ke7 45. Bc3 f6 46. Kd2 g5 47. Ke3 Kf7 48. Bd2 gxf4+ 49. gxf4 Kg6 50. Be2 Be8 51. Kd4 Bd7 52. Kc3 Be8 53. Be3 Bd7 54. Bd2 Be8 55. Kd3 Bf7 56. Ke3 Be8 57. Kf3 Bd7 58. Kg3 Kh6 59. Kh4 Be8 60. Bf1 Bd7 61. Bd3 Be7 62. Be2 Be8 63. Bc3 Bd6 64. Kg3 Kg6 65. Bd3 1/2-1/2

[Event "Dziedzica Memrial 11th"]
[Site "Trzcianka"]
[Date "2021.10.24"]
[Round "7"]
[White "Kacprzak, Kacper"]
[Black "Szelag, Marcin"]
[Result "0-1"]
[WhiteElo "2219"]
[BlackElo "2419"]
[PlyCount "114"]
[EventDate "2021.10.24"]
[EventType "swiss (rapid)"]
[EventRounds "9"]
[EventCountry "POL"]
[SourceTitle "CBM 204 Extra"]
[Source "ChessBase"]
[SourceDate "2021.11.30"]
[SourceVersion "1"]
[SourceVersionDate "2021.11.30"]
[SourceQuality "1"]

1. d4 Nf6 2. c4 g6 3. Nc3 Bg7 4. e4 d6 5. Be2 0-0 6. Bg5 c5 7. d5 h6 8. Be3 e6 9. Qd2 exd5 10. exd5 Kh7 11. h4 Ng4 12. Bf4 f5 13. Nh3 a6 14. f3 Ne5 15. 0-0-0 b5 16. cxb5 axb5 17. Bxb5 Ba6 18. Qe2 c4 19. Bxa6 Nxa6 20. Nf2 Qa5 21. h5 g5 22. Be3 Nb4 23. Bd4 Nxa2+ 24. Nxa2 Qxa2 25. Bc3 Qb3 26. Qc2 Qb5 27. Rhe1 Kg8 28. Kd2 Qxd5+ 29. Ke2 Qc6 30. Kf1 Rae8 31. Qd2 Re6 32. Qd5 Qxd5 33. Rxd5 Rc8 34. Red1 Rc6 35. Ra1 Kf7 36. Ra7+ Re7 37. Ra8 Ke6 38. Rd2 d5 39. Ra5 Rd7 40. Ke2 Rb6 41. g3 Rbd6 42. f4 Nc6 43. Bxg7 Nxa5 44. Bxh6 g4 45. Bf8 Rb6 46. Bc5 Rb3 47. Nh1 Nc6 48. Kf2 d4 49. Re2+ Kf6 50. h6 d3 51. Rd2 Kg6 52. Bf8 Nd4 53. Bg7 Ne6 54. Bc3 Kxh6 55. Rd1 Nc5 56. Ke3 Ne4 57. Be5 d2+ 0-1

[Event "Dziedzica Memrial 11th"]
[Site "Trzcianka"]
[Date "2021.10.24"]
[Round "3"]
[White "Kacprzak, Karol1111"]
[Black "Szelag, Marcin"]
[Result "0-1"]
[WhiteElo "2226"]
[BlackElo "2419"]
[PlyCount "116"]
[EventDate "2021.10.24"]
[EventType "swiss (rapid)"]
[EventRounds "9"]
[EventCountry "POL"]
[SourceTitle "CBM 204 Extra"]
[Source "ChessBase"]
[SourceDate "2021.11.30"]
[SourceVersion "1"]
[SourceVersionDate "2021.11.30"]
[SourceQuality "1"]

1. d4 Nf6 2. c4 g6 3. Nc3 Bg7 4. e4 d6 5. Be2 0-0 6. Bg5 c5 7. d5 h6 8. Be3 e6 9. Qd2 exd5 10. exd5 Kh7 11. h4 Ng4 12. Bf4 f5 13. f3 Ne5 14. 0-0-0 a6 15. Nh3 b5 16. cxb5 axb5 17. Bxb5 Ba6 18. Bxa6 Nxa6 19. h5 g5 20. Bxg5 hxg5 21. Nxg5+ Qxg5 22. Qxg5 Bh6 23. f4 Bxg5 24. fxg5 Nb4 25. Kb1 Nbd3 26. Rd2 Rab8 27. Rh3 c4 28. Ne2 Rb5 29. Nc3 Rb7 30. a4 Rg8 31. g6+ Kh6 32. Nb5 Rb6 33. Nd4 Rf8 34. g7 Kxg7 35. Ne6+ Kf7 36. Nxf8 Kxf8 37. Rc2 Kg7 38. h6+ Kh7 39. Rh5 f4 40. Ka2 Nb4+ 41. Kb1 Nxc2 42. Kxc2 Ra6 43. Rf5 Kxh6 44. Rxf4 Kg5 45. Rf8 Rxa4 46. Kc3 Ra5 47. Kd4 Rb5 48. Rd8 Rb6 49. Rxd6 Rxd6 50. Kxe5 Rb6 51. Kd4 Rxb2 52. Kxc4 Kf6 53. Kc5 Ke7 54. g4 Rc2+ 55. Kd4 Rg2 56. Kc5 Rxg4 57. Kc6 Rg6+ 58. Kc7 Rd6 0-1

[Event "Poznan op 27th"]
[Site "Poznan"]
[Date "2019.08.24"]
[Round "8"]
[White "Maciejczak, Jakub"]
[Black "Szelag, Marcin"]
[Result "1/2-1/2"]
[WhiteElo "2352"]
[BlackElo "2416"]
[PlyCount "65"]
[EventDate "2019.08.18"]
[EventType "swiss"]
[EventRounds "9"]
[EventCountry "POL"]
[SourceTitle "EXT 2020"]
[Source "ChessBase"]
[SourceDate "2019.10.17"]
[SourceVersion "1"]
[SourceVersionDate "2019.10.17"]
[SourceQuality "1"]

1. e4 e6 2. d4 d5 3. Nc3 Nf6 4. e5 Nfd7 5. f4 c5 6. Nf3 Be7 7. Be3 b6 8. Qd2 0-0 9. Be2 Nc6 10. 0-0 a6 11. Nd1 cxd4 12. Nxd4 Qc7 13. Nxc6 Qxc6 14. Bd4 Bb7 15. c3 f6 16. Qe3 fxe5 17. fxe5 Rxf1+ 18. Bxf1 Nc5 19. Nf2 Rf8 20. Be2 Qa4 21. Bg4 h6 22. b4 Qc6 23. Qh3 Ne4 24. Bxe6+ Kh8 25. Nxe4 dxe4 26. Bg4 Bg5 27. Be2 Bc8 28. Qg3 Bf4 29. Qh4 Bg5 30. Qg3 Bf4 31. Qh4 Bg5 32. Qg3 Bf4 33. Qe1 1/2-1/2

[Event "Poznan op 27th"]
[Site "Poznan"]
[Date "2019.08.21"]
[Round "5"]
[White "Sieciechowicz, Marcin"]
[Black "Szelag, Marcin"]
[Result "0-1"]
[WhiteElo "2375"]
[BlackElo "2416"]
[PlyCount "128"]
[EventDate "2019.08.18"]
[EventType "swiss"]
[EventRounds "9"]
[EventCountry "POL"]
[SourceTitle "EXT 2020"]
[Source "ChessBase"]
[SourceDate "2019.10.17"]
[SourceVersion "1"]
[SourceVersionDate "2019.10.17"]
[SourceQuality "1"]

1. d4 Nf6 2. Nf3 g6 3. Bg5 Bg7 4. Nbd2 0-0 5. e3 d6 6. Bd3 Nbd7 7. c3 e5 8. 0-0 h6 9. Bh4 Qe7 10. Qc2 b6 11. dxe5 dxe5 12. b4 a5 13. Rab1 Bb7 14. e4 Qe6 15. a4 Bc6 16. Ra1 Nh5 17. Bc4 Qd6 18. Rfd1 g5 19. Bg3 Qe7 20. Nf1 Ndf6 21. N3d2 Rfd8 22. Ne3 Bd7 23. Qb3 Bf8 24. b5 Ng7 25. Nd5 Nxd5 26. Bxd5 Be6 27. Nf3 f6 28. c4 Rac8 29. Ne1 Bf7 30. Nc2 f5 31. Bxf7+ Kxf7 32. exf5 Nxf5 33. Qf3 Qf6 34. Ne3 Nxe3 35. Qxe3 Bc5 36. Qe4 Rd4 37. Rxd4 Bxd4 38. Ra3 Kg7 39. Rf3 Qe6 40. Rf5 Qxc4 41. Rxe5 Qc1+ 42. Qe1 Qxe1+ 43. Rxe1 c5 44. bxc6 Rxc6 45. Kf1 Kf6 46. Re4 Rc1+ 47. Ke2 Bc5 48. h4 Rc2+ 49. Kf3 Ra2 50. Rc4 Kf5 51. hxg5 hxg5 52. Bc7 Rxf2+ 53. Kg3 Rb2 54. Kf3 g4+ 55. Kg3 Rb4 56. Rc1 Rxa4 57. Rf1+ Ke6 58. Bf4 Ra2 59. Re1+ Kd7 60. Re5 a4 61. Rg5 a3 62. Rxg4 Re2 63. Kf3 a2 64. Rg7+ Re7 0-1

[Event "Poznan op 27th"]
[Site "Poznan"]
[Date "2019.08.19"]
[Round "3"]
[White "Nowak, Mikolaj"]
[Black "Szelag, Marcin"]
[Result "0-1"]
[WhiteElo "2281"]
[BlackElo "2416"]
[PlyCount "66"]
[EventDate "2019.08.18"]
[EventType "swiss"]
[EventRounds "9"]
[EventCountry "POL"]
[SourceTitle "EXT 2020"]
[Source "ChessBase"]
[SourceDate "2019.10.17"]
[SourceVersion "1"]
[SourceVersionDate "2019.10.17"]
[SourceQuality "1"]

1. d4 Nf6 2. c4 g6 3. Nc3 Bg7 4. e4 d6 5. f4 0-0 6. Nf3 c5 7. d5 e6 8. dxe6 Bxe6 9. Bd3 Nc6 10. f5 Bd7 11. 0-0 Qb6 12. Qe1 Rae8 13. Qh4 d5 14. exd5 Nb4 15. Bb1 Bxf5 16. Bxf5 gxf5 17. Na4 Qa6 18. Nxc5 Qb6 19. Qf2 Rc8 20. Ne5 Qxc5 21. Be3 Qd6 22. Qxf5 Nfxd5 23. Nxf7 Qe7 24. cxd5 Qxe3+ 25. Kh1 Rc7 26. Qe6 Qxe6 27. dxe6 Re7 28. Rae1 Nd3 29. Re3 Nc5 30. Rfe1 Rxe6 31. Rxe6 Nxe6 32. Nd6 Nc5 33. g4 Bxb2 0-1

[Event "Rostock SSC op 17th"]
[Site "Rostock"]
[Date "2018.07.13"]
[Round "5.1"]
[White "Stern, Rene"]
[Black "Szelag, Marcin"]
[Result "0-1"]
[WhiteElo "2510"]
[BlackElo "2408"]
[PlyCount "88"]
[EventDate "2018.07.11"]
[EventType "swiss"]
[EventRounds "7"]
[EventCountry "GER"]
[SourceTitle "EXT 2019"]
[Source "ChessBase"]
[SourceDate "2018.10.10"]
[SourceVersion "1"]
[SourceVersionDate "2018.10.10"]
[SourceQuality "1"]

1. Nf3 Nf6 2. c4 g6 3. Nc3 Bg7 4. e4 d6 5. d4 0-0 6. Be2 e5 7. d5 a5 8. Bg5 h6 9. Bh4 Na6 10. 0-0 Qe8 11. Nd2 Nh7 12. a3 h5 13. f3 Bd7 14. b3 Bf6 15. Bf2 Qe7 16. Qb1 Bg5 17. Ra2 h4 18. Rd1 Bf4 19. Nf1 Qg5 20. Bd3 Nf6 21. Ne2 Nh5 22. Kh1 Kg7 23. b4 Rh8 24. Nxf4 Nxf4 25. Be1 Ba4 26. Rdd2 Qh5 27. Rf2 Bd7 28. Bc3 h3 29. g3 axb4 30. axb4 Nxb4 31. gxf4 Nxa2 32. Ng3 Qh4 33. Rxa2 Qxf4 34. Rf2 Qe3 35. Qc2 Ra7 36. Nf1 Qb6 37. Re2 Rha8 38. Bb2 Ra2 39. c5 Qb4 40. Qb1 f6 41. cxd6 cxd6 42. Ne3 Bb5 43. Nd1 Ra1 44. Qc2 Qxb2 0-1

[Event "Rostock SSC op 17th"]
[Site "Rostock"]
[Date "2018.07.11"]
[Round "2.2"]
[White "Szelag, Marcin"]
[Black "Heinke, Jasper"]
[Result "1-0"]
[WhiteElo "2408"]
[BlackElo "2013"]
[PlyCount "51"]
[EventDate "2018.07.11"]
[EventType "swiss"]
[EventRounds "7"]
[EventCountry "GER"]
[SourceTitle "EXT 2019"]
[Source "ChessBase"]
[SourceDate "2018.10.10"]
[SourceVersion "1"]
[SourceVersionDate "2018.10.10"]
[SourceQuality "1"]

1. e4 e6 2. d4 d5 3. Nc3 Nf6 4. e5 Nfd7 5. f4 c5 6. Nf3 Nc6 7. Be3 Be7 8. Qd2 0-0 9. dxc5 Bxc5 10. 0-0-0 Qa5 11. a3 a6 12. Nd4 Bxd4 13. Bxd4 b5 14. h4 b4 15. Nb1 Nc5 16. Qe3 Nxd4 17. Rxd4 bxa3 18. Nxa3 Rb8 19. f5 Bd7 20. f6 Rfc8 21. Kd1 Qd8 22. Rg4 g6 23. h5 Qf8 24. hxg6 fxg6 25. Rxh7 Kxh7 26. Qh3+ 1-0

[Event "POL-ch Academic"]
[Site "Katowice"]
[Date "2018.02.02"]
[Round "4"]
[White "Smieszek, Wojciech"]
[Black "Szelag, Marcin"]
[Result "1/2-1/2"]
[WhiteElo "2137"]
[BlackElo "2421"]
[PlyCount "47"]
[EventDate "2018.02.02"]
[EventType "swiss (rapid)"]
[EventRounds "9"]
[EventCountry "POL"]
[SourceTitle "CBM 182 Extra"]
[Source "ChessBase"]
[SourceDate "2018.02.23"]
[SourceVersion "1"]
[SourceVersionDate "2018.02.23"]
[SourceQuality "1"]

1. e4 e6 2. d4 d5 3. Bd3 c5 4. c3 Nc6 5. Nf3 dxe4 6. Bxe4 Qc7 7. 0-0 Nf6 8. Bc2 Be7 9. dxc5 Bxc5 10. Bg5 Be7 11. Qd3 b6 12. Na3 a6 13. Nc4 b5 14. Ne3 Bb7 15. Rad1 Rd8 16. Qe2 0-0 17. Bxf6 Bxf6 18. Ng4 Be7 19. Qe4 g6 20. Qe3 h5 21. Qh6 hxg4 22. Bxg6 fxg6 23. Qxg6+ Kh8 24. Qh6+ 1/2-1/2

[Event "POL-chT"]
[Site "Poland"]
[Date "2017.11.25"]
[Round "8.5"]
[White "Tymrakiewicz, Rafal"]
[Black "Szelag, Marcin"]
[Result "0-1"]
[WhiteElo "2285"]
[BlackElo "2466"]
[PlyCount "118"]
[EventDate "2017.05.05"]
[EventType "team-tourn"]
[EventRounds "9"]
[EventCountry "POL"]
[SourceTitle "EXT 2019"]
[Source "ChessBase"]
[SourceDate "2018.10.10"]
[SourceVersion "1"]
[SourceVersionDate "2018.10.10"]
[SourceQuality "1"]
[WhiteTeam "Dabrowa Gornicza Zaglebie"]
[BlackTeam "Gliwice Akademia Szachowa"]
[WhiteTeamCountry "POL"]
[BlackTeamCountry "POL"]

1. d4 Nf6 2. Bf4 g6 3. Nd2 Bg7 4. c3 d6 5. e3 Nbd7 6. Ngf3 Nh5 7. Bg5 h6 8. Bh4 g5 9. Bg3 e6 10. Bc4 Qe7 11. Nf1 f5 12. N3d2 Ndf6 13. Qc2 Bd7 14. f3 Nxg3 15. Nxg3 h5 16. 0-0-0 h4 17. Ne2 0-0-0 18. Rhe1 Kb8 19. Kb1 h3 20. g3 d5 21. Bd3 c5 22. dxc5 Qxc5 23. Nd4 Qb6 24. Qb3 Qxb3 25. N2xb3 b6 26. Bc2 g4 27. f4 Ne8 28. Nd2 Nd6 29. Bd3 Rc8 30. Rc1 Rhe8 31. Rf1 Kb7 32. Rce1 b5 33. N2b3 Kb6 34. Nd2 a5 35. Rc1 e5 36. Nc2 exf4 37. exf4 Ne4 38. Rcd1 a4 39. Nxe4 fxe4 40. Be2 e3 41. Rxd5 Bc6 42. Rg5 Bh8 43. f5 Bf3 44. Rg6+ Kc7 45. Bxb5 e2 46. Rc1 Re5 47. Bxa4 Rxf5 48. Re6 Rd8 49. Ne1 Rd2 50. Bc2 Re5 51. Rh6 Re8 52. a4 Be5 53. a5 Rb8 54. a6 Bxc3 55. Nd3 Rxd3 56. Bxd3 Rxb2+ 57. Ka1 Rc2+ 58. Kb1 Rxc1+ 59. Kxc1 e1Q+ 0-1

[Event "POL-chT"]
[Site "Poland"]
[Date "2017.09.29"]
[Round "4.5"]
[White "Grela, Kacper"]
[Black "Szelag, Marcin"]
[Result "1-0"]
[WhiteElo "2312"]
[BlackElo "2466"]
[PlyCount "137"]
[EventDate "2017.05.05"]
[EventType "team-tourn"]
[EventRounds "9"]
[EventCountry "POL"]
[SourceTitle "EXT 2018"]
[Source "ChessBase"]
[SourceDate "2017.10.13"]
[SourceVersion "1"]
[SourceVersionDate "2017.10.13"]
[SourceQuality "1"]
[WhiteTeam "Legnica Miedz"]
[BlackTeam "Gliwice Akademia Szachowa"]
[WhiteTeamCountry "POL"]
[BlackTeamCountry "POL"]

1. d4 Nf6 2. c4 g6 3. Nc3 Bg7 4. e4 d6 5. Nf3 0-0 6. Be2 e5 7. 0-0 Nc6 8. d5 Ne7 9. a4 Nh5 10. a5 h6 11. a6 b6 12. Ne1 Nf4 13. Bxf4 exf4 14. Nd3 g5 15. Nb5 Re8 16. Bg4 c6 17. dxc6 Nxc6 18. Re1 Be6 19. Rc1 Qd7 20. h3 Rad8 21. b3 Qc8 22. Rc2 Re7 23. Ra2 Qd7 24. Qf3 Qe8 25. Rae2 Bd4 26. Rd1 Bg7 27. Rde1 Bd4 28. Kh1 Bg7 29. Rd1 Rdd7 30. Rde1 Qc8 31. Ra2 Na5 32. Nb4 Nxc4 33. Bxe6 Rxe6 34. Rc2 Qc5 35. Rxc4 Qxb5 36. Rd1 Rd8 37. Rd5 Qe8 38. Nc6 Rd7 39. b4 Bf8 40. b5 Bg7 41. Qd3 Bf6 42. f3 Kg7 43. Qd1 Be5 44. Qc2 f6 45. Nb4 h5 46. Rc8 Qf7 47. Nc6 Re8 48. Rxe8 Qxe8 49. Rd1 Qf7 50. Qd3 Qe6 51. Nb4 Rc7 52. Nc6 g4 53. Qd5 Qxd5 54. Rxd5 gxf3 55. gxf3 Kf7 56. Rd2 Ke6 57. Rc2 Rg7 58. Rg2 Rd7 59. Rg8 d5 60. Rd8 dxe4 61. Rxd7 Kxd7 62. fxe4 f3 63. Nxa7 Bg3 64. Nc6 Kc7 65. Nd4 f2 66. Kg2 h4 67. Nf5 Kc8 68. Nxg3 hxg3 69. h4 1-0

[Event "Poznan op 25th"]
[Site "Poznan"]
[Date "2017.08.22"]
[Round "4"]
[White "Szelag, Marcin"]
[Black "Chojnacki, Krzysztof"]
[Result "1/2-1/2"]
[WhiteElo "2456"]
[BlackElo "2377"]
[PlyCount "148"]
[EventDate "2017.08.20"]
[EventType "swiss"]
[EventRounds "9"]
[EventCountry "POL"]
[SourceTitle "CBM 180 Extra"]
[Source "ChessBase"]
[SourceDate "2017.10.06"]
[SourceVersion "1"]
[SourceVersionDate "2017.10.06"]
[SourceQuality "1"]

1. e4 e6 2. d4 d5 3. Nc3 Nf6 4. e5 Nfd7 5. f4 c5 6. Nf3 Nc6 7. Be3 Be7 8. Qd2 0-0 9. dxc5 Bxc5 10. 0-0-0 Qb6 11. Bxc5 Nxc5 12. Kb1 Rd8 13. Nd4 Ne4 14. Qe3 Nxc3+ 15. Qxc3 Bd7 16. h4 Rac8 17. Qe3 Nxd4 18. Qxd4 Qxd4 19. Rxd4 f6 20. exf6 gxf6 21. Bd3 Bc6 22. Re1 Kf7 23. h5 Rg8 24. Bxh7 Rxg2 25. Bg6+ Kg7 26. b3 Bd7 27. c4 f5 28. Rc1 Kf6 29. a4 Be8 30. cxd5 Rxc1+ 31. Kxc1 Bxg6 32. d6 Be8 33. d7 Bxd7 34. Rxd7 Rg7 35. Rd3 Rh7 36. Rh3 e5 37. fxe5+ Kxe5 38. Kd2 Kf4 39. Rh1 a5 40. Ke2 Kg5 41. Rg1+ Kxh5 42. Kf3 Rd7 43. Kf4 Rd3 44. Rg5+ Kh6 45. Rxf5 Rxb3 46. Rxa5 Kg6 47. Ke5 Kf7 48. Kd6 Rb4 49. Kc5 Rh4 50. Ra7 Ke8 51. a5 Kd8 52. Rxb7 Kc8 53. a6 Rh6 54. Kb5 Rg6 55. Ka5 Rg1 56. Kb6 Rb1+ 57. Ka7 Ra1 58. Rb5 Ra2 59. Rc5+ Kd7 60. Rc4 Rb2 61. Rh4 Kc7 62. Rh1 Rb3 63. Rh7+ Kc8 64. Rb7 Ra3 65. Rb1 Kc7 66. Rc1+ Kd7 67. Kb6 Rb3+ 68. Ka5 Ra3+ 69. Kb5 Rb3+ 70. Ka4 Rb2 71. Rh1 Kc7 72. Rh7+ Kb8 73. Rb7+ Rxb7 74. axb7 Kxb7 1/2-1/2

[Event "Rostock SSC op 16th"]
[Site "Rostock"]
[Date "2017.07.30"]
[Round "7"]
[White "Szelag, Marcin"]
[Black "Stern, Rene"]
[Result "0-1"]
[WhiteElo "2456"]
[BlackElo "2488"]
[PlyCount "90"]
[EventDate "2017.07.26"]
[EventType "swiss"]
[EventRounds "7"]
[EventCountry "GER"]
[SourceTitle "EXT 2018"]
[Source "ChessBase"]
[SourceDate "2017.10.13"]
[SourceVersion "1"]
[SourceVersionDate "2017.10.13"]
[SourceQuality "1"]

1. e4 e5 2. Nf3 Nc6 3. Bb5 a6 4. Ba4 Nf6 5. 0-0 Be7 6. Re1 b5 7. Bb3 d6 8. c3 0-0 9. h3 Na5 10. Bc2 c5 11. d4 Qc7 12. Nbd2 Nc6 13. d5 Nd8 14. a4 Rb8 15. axb5 axb5 16. c4 b4 17. Nf1 Ne8 18. Ne3 g6 19. Ng4 Ng7 20. Nh6+ Kh8 21. g4 f6 22. Nh2 Nf7 23. Kh1 Bd7 24. Nf1 Nxh6 25. Bxh6 Ra8 26. Ng3 Rxa1 27. Qxa1 Qb7 28. f4 exf4 29. Bxf4 Ra8 30. Qc1 Ne8 31. g5 Bxh3 32. gxf6 Bxf6 33. e5 dxe5 34. Bxe5 Qg7 35. Qf4 Bxe5 36. Rxe5 Nf6 37. Re1 Ng4 38. d6 Rf8 39. Qg5 Qf7 40. Bf5 gxf5 41. Re7 Qg6 42. Qxg6 hxg6 43. d7 Nf6 44. Rf7 Nxd7 45. Rxd7 f4 0-1

[Event "Rostock SSC op 16th"]
[Site "Rostock"]
[Date "2017.07.26"]
[Round "2"]
[White "Kunow, Frank"]
[Black "Szelag, Marcin"]
[Result "0-1"]
[WhiteElo "1905"]
[BlackElo "2456"]
[PlyCount "70"]
[EventDate "2017.07.26"]
[EventType "swiss"]
[EventRounds "7"]
[EventCountry "GER"]
[SourceTitle "EXT 2018"]
[Source "ChessBase"]
[SourceDate "2017.10.13"]
[SourceVersion "1"]
[SourceVersionDate "2017.10.13"]
[SourceQuality "1"]

1. Nf3 Nf6 2. c4 g6 3. b4 a5 4. b5 Bg7 5. Bb2 0-0 6. g3 c6 7. a4 d5 8. Na3 Nbd7 9. Bg2 Re8 10. 0-0 e5 11. e3 e4 12. Ne1 Ne5 13. d3 Bg4 14. Qc2 Rc8 15. h3 exd3 16. Nxd3 Bf5 17. Bxe5 dxc4 18. e4 cxd3 19. Qb2 Rxe5 20. exf5 Rxf5 21. Qd2 Nd7 22. Rac1 Nc5 23. Rb1 Nxa4 24. bxc6 bxc6 25. Be4 Rc5 26. Rb3 Rc3 27. Rxc3 Nxc3 28. Bxd3 Qd7 29. Qc2 Rd8 30. Bc4 Qxh3 31. Qb3 Bd4 32. Bxf7+ Kg7 33. Bc4 Qxg3+ 34. Kh1 Qh3+ 35. Kg1 Ne2+ 0-1

[Event "POL-chT"]
[Site "Poland"]
[Date "2017.05.07"]
[Round "3.5"]
[White "Orzechowski, Jacek"]
[Black "Szelag, Marcin"]
[Result "0-1"]
[WhiteElo "2087"]
[BlackElo "2466"]
[PlyCount "80"]
[EventDate "2017.05.05"]
[EventType "team-tourn"]
[EventRounds "9"]
[EventCountry "POL"]
[SourceTitle "CBM 178 Extra"]
[Source "ChessBase"]
[SourceDate "2017.06.22"]
[SourceVersion "1"]
[SourceVersionDate "2017.06.22"]
[SourceQuality "1"]
[WhiteTeam "Raciborz Silesia"]
[BlackTeam "Gliwice Akademia Szachowa"]
[WhiteTeamCountry "POL"]
[BlackTeamCountry "POL"]

1. Nf3 Nf6 2. c4 g6 3. Nc3 Bg7 4. d4 0-0 5. e4 d6 6. Be3 Na6 7. Be2 Ng4 8. Bg5 f6 9. Bd2 e5 10. h3 Nh6 11. Qc1 Nf7 12. d5 f5 13. Ng5 Nc5 14. b4 Nxe4 15. Ngxe4 fxe4 16. Nxe4 Bf5 17. Ng3 e4 18. Bc3 Qh4 19. Bxg7 Kxg7 20. Nxf5+ gxf5 21. Qc3+ Ne5 22. Qg3+ Qxg3 23. fxg3 a5 24. bxa5 Rxa5 25. 0-0 Ra3 26. Kh2 Kg6 27. Rf4 Re3 28. Bf1 Ra8 29. a4 b6 30. Ra2 h5 31. Raf2 Rxa4 32. Be2 Ra8 33. Rh4 Rh8 34. g4 hxg4 35. Rxh8 g3+ 36. Kg1 gxf2+ 37. Kxf2 Rc3 38. Rg8+ Kh7 39. Rg3 Rc2 40. Ke3 f4+ 0-1